000 00449nam a2200169Ia 4500
003 LK-CoDNM
008 010623t2009 xxu||||| |||| 00| 1 sin d
040 _aLK-CoDNM
_dLK-CoDNM
_eLK-CoDNM
041 _asin
080 _a294.39 SEN
100 _aSenaratna,Marvin.
245 _aබෝධිසත්ව රජවරු
246 _aBodhisathva Rajavaru
260 _bDayawansa Jayakody
_aColombo
_c2009
300 _b135p., 21 cm
942 _cBK
999 _c128938
_d128938